000 00849nam a2200265Ia 4500
003 OSt
005 20220923225229.0
006 a|||||r|||| 00| 0
007 ta
008 Pun
020 _c180
024 _a260,769
037 _b651, 22/03/2012, H.K. Prakashan
_cTextual
040 _aARTS
_cARTS
_bPun
041 _2Pun
_aPun
082 _aO153:g, P3
100 _aਸਿੰਘ, ਮਨਜੀਤ
245 0 _aਸਾਹਿਤ
_b ਸੰਰਚਨਾ ਸਿਸਟਮ ਤੇ ਪ੍ਰਵਚਨ
260 _aਦਿੱਲੀ
_b ਆਰਸੀ ਪਬਲਿFਰਗ਼
_c2003
300 _a159ਪੰ
_ccm.
650 _a ਪੰਜਾਬੀ ਸਾਹਿਤ
650 _aਪੰਜਾਬੀ ਸਾਹਿਤ
942 _hO153:g, P3
_cTEXL
_2CC
999 _c376861
_d376861